[Event "U20 Polish Youth Championship"]
[Site "Ustron"]
[Date "2019.11.27"]
[Round "6"]
[White "Chylewski, Patryk"]
[Black "Niedbala, Bartlomiej"]
[Result "1/2-1/2"]
[Board "4"]
[WhiteElo "2348"]
[WhiteTitle "FM"]
[WhiteCountry "POL"]
[WhiteFideId "1186191"]
[WhiteEloChange "-3"]
[BlackElo "2239"]
[BlackCountry "POL"]
[BlackFideId "21834008"]
[BlackEloChange "3"]

1. d4 {[%clk 1:30:55]} f5 {[%clk 1:29:58]} 2. Nc3 {[%clk 1:31:14]} d5 {[%clk
1:29:28]} 3. Bf4 {[%clk 1:31:36]} a6 {[%clk 1:29:53]} 4. e3 {[%clk 1:32:00]} Nf6
{[%clk 1:30:19]} 5. Nf3 {[%clk 1:32:01]} e6 {[%clk 1:30:43]} 6. Bd3 {[%clk
1:31:32]} c5 {[%clk 1:28:31]} 7. dxc5 {[%clk 1:31:58]} Bxc5 {[%clk 1:28:59]} 8.
O-O {[%clk 1:32:21]} O-O {[%clk 1:29:26]} 9. Ne2 {[%clk 1:32:17]} Nc6 {[%clk
1:29:48]} 10. c4 {[%clk 1:32:25]} Nb4 {[%clk 1:30:14]} 11. cxd5 {[%clk 1:24:06]}
Qxd5 {[%clk 1:19:48]} 12. Ned4 {[%clk 1:13:22]} Nxd3 {[%clk 1:03:50]} 13. Qxd3
{[%clk 1:13:43]} Bd7 {[%clk 0:56:31]} 14. Rfd1 {[%clk 1:05:17]} Bxd4 {[%clk
0:53:49]} 15. Qxd4 {[%clk 1:00:56]} Qxd4 {[%clk 0:50:33]} 16. Nxd4 {[%clk
1:01:14]} Rac8 {[%clk 0:49:24]} 17. Bd6 {[%clk 0:57:17]} Rfe8 {[%clk 0:49:25]}
18. Rac1 {[%clk 0:57:09]} Rxc1 {[%clk 0:47:46]} 19. Rxc1 {[%clk 0:57:34]} Rc8
{[%clk 0:48:13]} 20. Rxc8+ {[%clk 0:57:38]} Bxc8 {[%clk 0:48:42]} 21. Nf3 {[%clk
0:57:39]} Nd7 {[%clk 0:43:08]} 22. Kf1 {[%clk 0:57:35]} h6 {[%clk 0:41:15]} 23.
Ke2 {[%clk 0:57:23]} Kf7 {[%clk 0:41:31]} 24. Kd3 {[%clk 0:56:45]} b6 {[%clk
0:41:22]} 25. g3 {[%clk 0:43:55]} Bb7 {[%clk 0:40:12]} 26. Ne5+ {[%clk 0:43:01]}
Nxe5+ {[%clk 0:38:54]} 27. Bxe5 {[%clk 0:43:15]} Bd5 {[%clk 0:25:01]} 28. Kc2
{[%clk 0:16:13]} g6 {[%clk 0:21:30]} 29. a4 {[%clk 0:12:34]} Ke7 {[%clk 0:18:34]}
30. Bd4 {[%clk 0:09:20]} b5 {[%clk 0:18:38]} 31. a5 {[%clk 0:09:40]} g5 {[%clk
0:17:26]} 32. Kc3 {[%clk 0:08:44]} b4+ {[%clk 0:10:33]} 33. Kxb4 {[%clk 0:09:08]}
Kd6 {[%clk 0:09:34]} 34. Bg7 {[%clk 0:07:41]} h5 {[%clk 0:09:59]} 35. f4 {[%clk
0:05:20]} gxf4 {[%clk 0:07:18]} 36. exf4 {[%clk 0:05:44]} Ba2 {[%clk 0:02:30]}
37. b3 {[%clk 0:05:01]} Kd5 {[%clk 0:02:56]} 38. Kc3 {[%clk 0:05:23]} Bb1 {[%clk
0:03:25]} 39. b4 {[%clk 0:05:45]} Kc6 {[%clk 0:02:53]} 40. Kc4 {[%clk 0:35:25]}
Ba2+ {[%clk 0:33:11]} 41. Kd4 {[%clk 0:35:50]} Kb5 {[%clk 0:32:19]} 42. Bf8
{[%clk 0:36:15]} Bb3 {[%clk 0:32:42]} 43. Ke5 {[%clk 0:36:39]} Kc6 {[%clk
0:33:09]} 44. Bc5 {[%clk 0:36:47]} Bc4 {[%clk 0:33:29]} 45. Bf2 {[%clk 0:37:08]}
Bb3 {[%clk 0:33:50]} 46. Kf6 {[%clk 0:36:30]} Bc4 {[%clk 0:34:11]} 47. Kg5 {[%clk
0:36:55]} Be2 {[%clk 0:34:38]} 48. Kg6 {[%clk 0:37:19]} Kb5 {[%clk 0:34:54]} 49.
Bc5 {[%clk 0:37:34]} Kc6 {[%clk 0:35:19]} 50. Kf6 {[%clk 0:37:48]} Bc4 {[%clk
0:35:45]} 51. Ke5 {[%clk 0:38:11]} Kb5 {[%clk 0:36:06]} 52. Kd6 {[%clk 0:38:25]}
Ba2 {[%clk 0:36:31]} 53. h4 {[%clk 0:38:21]} Bc4 {[%clk 0:36:50]} 54. Ke5 {[%clk
0:38:45]} Kc6 {[%clk 0:36:57]} 55. Kf6 {[%clk 0:39:02]} Bb3 {[%clk 0:36:37]} 56.
Kg5 {[%clk 0:39:27]} Bd1 {[%clk 0:37:06]} 57. Kg6 {[%clk 0:39:50]} Kb5 {[%clk
0:37:21]} 58. Kf6 {[%clk 0:40:09]} Bb3 {[%clk 0:37:47]} 1/2-1/2

[Event "U20 Polish Youth Championship"]
[Site "Ustron"]
[Date "2019.11.27"]
[Round "6"]
[White "Godzwon, Iwo"]
[Black "Mis, Mieszko"]
[Result "0-1"]
[Board "5"]
[WhiteElo "2275"]
[WhiteTitle "FM"]
[WhiteCountry "POL"]
[WhiteFideId "21802483"]
[WhiteEloChange "-8"]
[BlackElo "2328"]
[BlackTitle "FM"]
[BlackCountry "POL"]
[BlackFideId "1196448"]
[BlackEloChange "8"]

1. e4 {[%clk 1:30:59]} c5 {[%clk 1:30:47]} 2. Nf3 {[%clk 1:31:25]} e6 {[%clk
1:31:09]} 3. d4 {[%clk 1:31:51]} cxd4 {[%clk 1:31:34]} 4. Nxd4 {[%clk 1:32:17]}
Nc6 {[%clk 1:31:38]} 5. Nc3 {[%clk 1:32:42]} Qc7 {[%clk 1:31:58]} 6. Be2 {[%clk
1:32:33]} a6 {[%clk 1:30:53]} 7. Be3 {[%clk 1:32:58]} Nf6 {[%clk 1:30:50]} 8. O-O
{[%clk 1:33:22]} Be7 {[%clk 1:30:51]} 9. f4 {[%clk 1:33:41]} d6 {[%clk 1:31:15]}
10. Kh1 {[%clk 1:33:19]} O-O {[%clk 1:31:03]} 11. Qe1 {[%clk 1:33:43]} Nxd4
{[%clk 1:30:02]} 12. Bxd4 {[%clk 1:34:06]} b5 {[%clk 1:30:27]} 13. a3 {[%clk
1:34:33]} Bb7 {[%clk 1:30:53]} 14. Qg3 {[%clk 1:35:00]} Rad8 {[%clk 1:29:03]} 15.
Bd3 {[%clk 1:32:32]} Rd7 {[%clk 1:28:21]} 16. Rae1 {[%clk 1:32:57]} Re8 {[%clk
1:28:30]} 17. Re2 {[%clk 1:27:58]} Bd8 {[%clk 1:17:47]} 18. e5 {[%clk 1:24:06]}
dxe5 {[%clk 1:13:31]} 19. Bxe5 {[%clk 1:24:32]} Qc5 {[%clk 1:10:36]} 20. Qh4
{[%clk 1:02:50]} h6 {[%clk 1:04:37]} 21. Qg3 {[%clk 1:00:23]} Qf8 {[%clk
0:48:30]} 22. f5 {[%clk 0:59:42]} exf5 {[%clk 0:39:03]} 23. Bxf5 {[%clk 0:59:58]}
Rde7 {[%clk 0:34:03]} 24. Rfe1 {[%clk 0:59:10]} g6 {[%clk 0:31:56]} 25. Bd3
{[%clk 0:55:28]} Re6 {[%clk 0:27:22]} 26. h3 {[%clk 0:52:35]} Nh5 {[%clk
0:26:02]} 27. Qf2 {[%clk 0:40:06]} Bb6 {[%clk 0:25:51]} 28. Qh4 {[%clk 0:40:34]}
Qc5 {[%clk 0:21:06]} 29. Bh2 {[%clk 0:40:59]} Rxe2 {[%clk 0:20:47]} 30. Rxe2
{[%clk 0:41:25]} Rxe2 {[%clk 0:19:47]} 31. Nxe2 {[%clk 0:36:12]} Qc6 {[%clk
0:17:29]} 32. Qg4 {[%clk 0:36:41]} Nf6 {[%clk 0:14:51]} 33. Qg3 {[%clk 0:37:09]}
Ne4 {[%clk 0:14:50]} 34. Bxe4 {[%clk 0:33:54]} Qxe4 {[%clk 0:15:18]} 35. Nc3
{[%clk 0:34:19]} Qxc2 {[%clk 0:14:42]} 36. Bg1 {[%clk 0:34:46]} Bc7 {[%clk
0:13:47]} 37. Qf2 {[%clk 0:35:12]} Qd3 {[%clk 0:13:53]} 38. Qh4 {[%clk 0:35:22]}
g5 {[%clk 0:09:28]} 39. Qg4 {[%clk 0:35:37]} f5 {[%clk 0:08:54]} 40. Qh5 {[%clk
1:06:06]} Kg7 {[%clk 0:39:11]} 41. Ne2 {[%clk 1:06:27]} Qd5 {[%clk 0:37:29]} 42.
Bd4+ {[%clk 1:06:37]} Kh7 {[%clk 0:37:56]} 0-1

[Event "U20 Polish Youth Championship"]
[Site "Ustron"]
[Date "2019.11.27"]
[Round "6"]
[White "Walter, Szymon"]
[Black "Kokoszczynski, Jan"]
[Result "1/2-1/2"]
[Board "6"]
[WhiteElo "2304"]
[WhiteTitle "FM"]
[WhiteCountry "POL"]
[WhiteFideId "1172590"]
[WhiteEloChange "-1"]
[BlackElo "2264"]
[BlackCountry "POL"]
[BlackFideId "1174460"]
[BlackEloChange "1"]

1. e4 {[%clk 1:27:30]} e6 {[%clk 1:30:52]} 2. d4 {[%clk 1:27:33]} d5 {[%clk
1:31:15]} 3. Nc3 {[%clk 1:27:48]} Nf6 {[%clk 1:31:38]} 4. Bg5 {[%clk 1:27:27]}
dxe4 {[%clk 1:31:57]} 5. Nxe4 {[%clk 1:26:52]} Be7 {[%clk 1:32:21]} 6. Bxf6
{[%clk 1:25:56]} gxf6 {[%clk 1:32:44]} 7. Qd2 {[%clk 1:24:56]} f5 {[%clk
1:29:39]} 8. Nc3 {[%clk 1:25:01]} b6 {[%clk 1:23:38]} 9. O-O-O {[%clk 0:50:29]}
Bb7 {[%clk 1:12:09]} 10. d5 {[%clk 0:48:57]} c6 {[%clk 0:59:36]} 11. d6 {[%clk
0:46:43]} Bf6 {[%clk 0:58:52]} 12. f4 {[%clk 0:46:31]} Nd7 {[%clk 0:58:48]} 13.
g4 {[%clk 0:36:16]} Bxc3 {[%clk 0:52:35]} 14. bxc3 {[%clk 0:35:19]} fxg4 {[%clk
0:51:12]} 15. Bg2 {[%clk 0:27:13]} Qf6 {[%clk 0:49:33]} 16. h3 {[%clk 0:25:27]}
h5 {[%clk 0:47:14]} 17. hxg4 {[%clk 0:15:12]} hxg4 {[%clk 0:46:25]} 18. Rxh8+
{[%clk 0:15:16]} Qxh8 {[%clk 0:46:50]} 19. Ne2 {[%clk 0:15:42]} O-O-O {[%clk
0:44:11]} 20. Nd4 {[%clk 0:15:13]} Nb8 {[%clk 0:43:43]} 21. f5 {[%clk 0:14:52]}
Qe5 {[%clk 0:25:04]} 22. fxe6 {[%clk 0:09:53]} fxe6 {[%clk 0:25:23]} 23. Re1
{[%clk 0:09:39]} Qxd6 {[%clk 0:24:31]} 24. Qe3 {[%clk 0:08:05]} e5 {[%clk
0:21:35]} 25. Nf5 {[%clk 0:08:06]} Qe6 {[%clk 0:19:29]} 26. Qxe5 {[%clk 0:06:00]}
Qxe5 {[%clk 0:19:24]} 27. Rxe5 {[%clk 0:06:26]} c5 {[%clk 0:15:31]} 28. Bxb7+
{[%clk 0:06:30]} Kxb7 {[%clk 0:15:56]} 29. Re7+ {[%clk 0:06:20]} Rd7 {[%clk
0:15:32]} 30. Re4 {[%clk 0:06:37]} Nc6 {[%clk 0:13:13]} 31. Rxg4 {[%clk 0:07:00]}
Ne5 {[%clk 0:13:14]} 32. Re4 {[%clk 0:06:53]} 1/2-1/2

[Event "U20 Polish Youth Championship"]
[Site "Ustron"]
[Date "2019.11.27"]
[Round "6"]
[White "Karpus, Michal"]
[Black "Kozak, Antoni"]
[Result "0-1"]
[Board "7"]
[WhiteElo "2312"]
[WhiteTitle "FM"]
[WhiteCountry "POL"]
[WhiteFideId "1174088"]
[WhiteEloChange "-9"]
[BlackElo "2350"]
[BlackCountry "POL"]
[BlackFideId "21832030"]
[BlackEloChange "9"]

1. e4 {[%clk 1:30:55]} c6 {[%clk 1:30:56]} 2. d4 {[%clk 1:31:05]} d5 {[%clk
1:31:21]} 3. Nc3 {[%clk 1:31:03]} dxe4 {[%clk 1:31:46]} 4. Nxe4 {[%clk 1:31:19]}
Nf6 {[%clk 1:32:12]} 5. Nxf6+ {[%clk 1:31:05]} exf6 {[%clk 1:32:38]} 6. c3 {[%clk
1:30:57]} Bd6 {[%clk 1:32:58]} 7. Bd3 {[%clk 1:31:04]} O-O {[%clk 1:33:19]} 8.
Qc2 {[%clk 1:30:38]} Re8+ {[%clk 1:33:43]} 9. Ne2 {[%clk 1:30:42]} f5 {[%clk
1:34:09]} 10. Bxf5 {[%clk 1:20:44]} Bxf5 {[%clk 1:34:21]} 11. Qxf5 {[%clk
1:21:04]} Nd7 {[%clk 1:34:48]} 12. Be3 {[%clk 1:14:44]} Nb6 {[%clk 1:34:52]} 13.
Qd3 {[%clk 1:09:14]} Nd5 {[%clk 1:29:27]} 14. O-O {[%clk 1:01:22]} Qh4 {[%clk
1:21:28]} 15. Ng3 {[%clk 0:45:54]} Nxe3 {[%clk 1:11:10]} 16. fxe3 {[%clk
0:46:13]} Bxg3 {[%clk 1:10:15]} 17. hxg3 {[%clk 0:46:32]} Qxg3 {[%clk 1:10:41]}
18. Rf3 {[%clk 0:45:24]} Qg4 {[%clk 1:07:29]} 19. Raf1 {[%clk 0:44:26]} f6 {[%clk
1:07:54]} 20. Rf4 {[%clk 0:40:32]} Qe6 {[%clk 1:08:14]} 21. R1f3 {[%clk 0:40:17]}
Re7 {[%clk 1:01:46]} 22. b3 {[%clk 0:33:49]} a5 {[%clk 1:00:08]} 23. Qf5 {[%clk
0:25:40]} a4 {[%clk 0:57:26]} 24. Qxe6+ {[%clk 0:23:23]} Rxe6 {[%clk 0:57:30]}
25. b4 {[%clk 0:23:46]} Kf7 {[%clk 0:55:56]} 26. Kf2 {[%clk 0:21:58]} Rae8 {[%clk
0:54:48]} 27. Rf5 {[%clk 0:21:34]} g6 {[%clk 0:51:00]} 28. Ra5 {[%clk 0:20:31]}
h5 {[%clk 0:44:45]} 29. Rxa4 {[%clk 0:18:31]} g5 {[%clk 0:45:09]} 30. Ra7 {[%clk
0:10:53]} g4 {[%clk 0:41:34]} 31. Rxb7+ {[%clk 0:07:41]} Kg6 {[%clk 0:42:01]} 32.
Rf4 {[%clk 0:07:14]} Rxe3 {[%clk 0:42:27]} 33. Kg1 {[%clk 0:03:33]} Rxc3 {[%clk
0:42:30]} 34. Rd7 {[%clk 0:03:06]} Kg5 {[%clk 0:41:45]} 35. Rf1 {[%clk 0:03:02]}
Re2 {[%clk 0:42:10]} 36. Kh1 {[%clk 0:01:50]} Rcc2 {[%clk 0:41:05]} 37. Rg1
{[%clk 0:01:55]} h4 {[%clk 0:40:59]} 38. d5 {[%clk 0:00:48]} h3 {[%clk 0:38:43]}
39. dxc6 {[%clk 0:00:43]} g3 {[%clk 0:38:23]} 40. Rg7+ {[%clk 0:30:46]} Kf4
{[%clk 1:08:48]} 41. Rf1+ {[%clk 0:25:44]} Rf2 {[%clk 1:09:10]} 42. Re1 {[%clk
0:24:41]} Rxg2 {[%clk 1:09:30]} 43. Rf1+ {[%clk 0:25:03]} Rgf2 {[%clk 1:09:48]}
0-1

[Event "U20 Polish Youth Championship"]
[Site "Ustron"]
[Date "2019.11.27"]
[Round "6"]
[White "Kowalski, Igor"]
[Black "Leskiewicz, Ignacy"]
[Result "1-0"]
[Board "8"]
[WhiteElo "2346"]
[WhiteTitle "FM"]
[WhiteCountry "POL"]
[WhiteFideId "1172468"]
[WhiteEloChange "5"]
[BlackElo "2138"]
[BlackCountry "POL"]
[BlackFideId "1185870"]
[BlackEloChange "-5"]

1. d4 {[%clk 1:30:59]} d5 {[%clk 1:24:19]} 2. Nf3 {[%clk 1:31:15]} Nf6 {[%clk
1:24:37]} 3. e3 {[%clk 1:31:19]} e6 {[%clk 1:16:20]} 4. b3 {[%clk 1:31:08]} Nbd7
{[%clk 1:13:52]} 5. Bb2 {[%clk 1:31:26]} Bd6 {[%clk 1:07:43]} 6. Nbd2 {[%clk
1:31:20]} O-O {[%clk 1:06:48]} 7. Bd3 {[%clk 1:31:35]} Re8 {[%clk 0:50:24]} 8.
Ne5 {[%clk 1:31:18]} c6 {[%clk 0:36:45]} 9. O-O {[%clk 1:29:10]} Qc7 {[%clk
0:36:46]} 10. f4 {[%clk 1:29:35]} b6 {[%clk 0:31:59]} 11. g4 {[%clk 1:24:41]} Nf8
{[%clk 0:32:24]} 12. g5 {[%clk 1:24:52]} N6d7 {[%clk 0:32:02]} 13. Qh5 {[%clk
1:21:04]} g6 {[%clk 0:24:47]} 14. Qh6 {[%clk 1:20:36]} Bb7 {[%clk 0:16:38]} 15.
e4 {[%clk 1:14:09]} f5 {[%clk 0:10:18]} 16. exd5 {[%clk 1:05:40]} exd5 {[%clk
0:09:35]} 17. c4 {[%clk 1:02:18]} Nxe5 {[%clk 0:08:50]} 18. fxe5 {[%clk 1:01:42]}
Bb4 {[%clk 0:09:12]} 19. Nf3 {[%clk 1:01:56]} Ne6 {[%clk 0:08:55]} 20. Qh4 {[%clk
1:00:33]} Be7 {[%clk 0:08:10]} 21. cxd5 {[%clk 0:59:18]} cxd5 {[%clk 0:08:34]}
22. Qg3 {[%clk 0:58:24]} Qd8 {[%clk 0:07:43]} 23. h4 {[%clk 0:58:18]} Rc8 {[%clk
0:06:58]} 24. a3 {[%clk 0:56:18]} Ng7 {[%clk 0:07:04]} 25. Ne1 {[%clk 0:56:44]}
Qd7 {[%clk 0:06:21]} 26. Ng2 {[%clk 0:57:07]} Nh5 {[%clk 0:04:54]} 27. Qh3 {[%clk
0:52:58]} b5 {[%clk 0:02:52]} 28. Rf2 {[%clk 0:52:18]} Bd8 {[%clk 0:02:45]} 29.
Raf1 {[%clk 0:52:05]} Bb6 {[%clk 0:01:46]} 30. Kh2 {[%clk 0:51:23]} a5 {[%clk
0:01:02]} 31. Nf4 {[%clk 0:49:49]} Nxf4 {[%clk 0:01:16]} 32. Rxf4 {[%clk
0:50:17]} b4 {[%clk 0:01:01]} 33. a4 {[%clk 0:50:22]} Re7 {[%clk 0:00:58]} 34. h5
{[%clk 0:50:31]} Rc7 {[%clk 0:00:56]} 35. Rh4 {[%clk 0:50:55]} Rg7 {[%clk
0:00:40]} 36. hxg6 {[%clk 0:51:00]} hxg6 {[%clk 0:01:08]} 37. Rh8+ {[%clk
0:44:01]} Kf7 {[%clk 0:01:38]} 38. Bxf5 {[%clk 0:43:16]} gxf5 {[%clk 0:01:15]}
39. Rxf5+ {[%clk 0:43:41]} Ke7 {[%clk 0:01:29]} 40. Qh6 {[%clk 1:13:55]} Rc2+
{[%clk 0:31:05]} 41. Kg3 {[%clk 1:14:09]} Qxf5 {[%clk 0:29:40]} 42. Qd6+ {[%clk
1:14:34]} Kf7 {[%clk 0:30:03]} 43. Rf8# {[%clk 1:15:02]} 1-0

[Event "U20 Polish Youth Championship"]
[Site "Ustron"]
[Date "2019.11.27"]
[Round "6"]
[White "Fiedorek, Michal"]
[Black "Koziol, Kamil"]
[Result "0-1"]
[Board "9"]
[WhiteElo "2333"]
[WhiteTitle "FM"]
[WhiteCountry "POL"]
[WhiteFideId "1199528"]
[WhiteEloChange "-11"]
[BlackElo "2289"]
[BlackTitle "FM"]
[BlackCountry "POL"]
[BlackFideId "1161555"]
[BlackEloChange "11"]

1. e4 {[%clk 1:30:30]} c5 {[%clk 1:27:09]} 2. Nf3 {[%clk 1:30:49]} e6 {[%clk
1:27:24]} 3. d4 {[%clk 1:31:09]} cxd4 {[%clk 1:27:49]} 4. Nxd4 {[%clk 1:31:34]}
Nf6 {[%clk 1:28:14]} 5. Nc3 {[%clk 1:31:49]} Nc6 {[%clk 1:28:39]} 6. Nxc6 {[%clk
1:31:07]} bxc6 {[%clk 1:29:04]} 7. e5 {[%clk 1:31:01]} Nd5 {[%clk 1:29:23]} 8.
Ne4 {[%clk 1:30:56]} Qc7 {[%clk 1:29:38]} 9. f4 {[%clk 1:30:09]} Rb8 {[%clk
1:29:53]} 10. c4 {[%clk 1:12:01]} Bb4+ {[%clk 1:30:13]} 11. Ke2 {[%clk 1:11:29]}
O-O {[%clk 1:30:32]} 12. cxd5 {[%clk 0:57:32]} cxd5 {[%clk 1:30:47]} 13. Nf2
{[%clk 0:54:52]} f6 {[%clk 1:27:00]} 14. exf6 {[%clk 0:40:31]} Rxf6 {[%clk
1:26:02]} 15. Nd3 {[%clk 0:38:58]} Ba6 {[%clk 1:21:48]} 16. Kf2 {[%clk 0:33:32]}
Bxd3 {[%clk 1:03:56]} 17. Bxd3 {[%clk 0:26:18]} Rxf4+ {[%clk 1:03:29]} 18. Bxf4
{[%clk 0:23:48]} Qxf4+ {[%clk 1:03:28]} 19. Qf3 {[%clk 0:17:36]} Qd2+ {[%clk
1:03:37]} 20. Be2 {[%clk 0:15:20]} Rf8 {[%clk 1:02:29]} 21. Rhc1 {[%clk 0:09:27]}
Rxf3+ {[%clk 0:57:08]} 22. gxf3 {[%clk 0:09:52]} Bc5+ {[%clk 0:56:57]} 23. Rxc5
{[%clk 0:10:07]} Qd4+ {[%clk 0:57:22]} 0-1

[Event "U20 Polish Youth Championship"]
[Site "Ustron"]
[Date "2019.11.27"]
[Round "6"]
[White "Oglaza, Oskar"]
[Black "Panek, Bartosz"]
[Result "1/2-1/2"]
[Board "10"]
[WhiteElo "2360"]
[WhiteTitle "FM"]
[WhiteCountry "POL"]
[WhiteFideId "1194402"]
[WhiteEloChange "-7"]
[BlackElo "2029"]
[BlackCountry "POL"]
[BlackFideId "1198220"]
[BlackEloChange "7"]

1. a3 {[%clk 1:30:50]} g6 {[%clk 1:28:45]} 2. g3 {[%clk 1:31:12]} Bg7 {[%clk
1:29:09]} 3. Bg2 {[%clk 1:31:38]} e6 {[%clk 1:29:18]} 4. Nf3 {[%clk 1:31:25]} Ne7
{[%clk 1:27:29]} 5. c4 {[%clk 1:31:28]} d5 {[%clk 1:25:57]} 6. O-O {[%clk
1:30:00]} O-O {[%clk 1:25:33]} 7. cxd5 {[%clk 1:28:57]} exd5 {[%clk 1:25:43]} 8.
d4 {[%clk 1:29:05]} Bf5 {[%clk 1:15:12]} 9. Nc3 {[%clk 1:29:13]} c6 {[%clk
1:14:47]} 10. Bf4 {[%clk 1:27:27]} Re8 {[%clk 1:08:39]} 11. b4 {[%clk 1:25:55]}
Nc8 {[%clk 1:00:14]} 12. Qc1 {[%clk 1:25:01]} Nb6 {[%clk 0:57:04]} 13. Rd1 {[%clk
1:25:04]} Nc4 {[%clk 0:52:42]} 14. Nd2 {[%clk 1:22:57]} Nxd2 {[%clk 0:51:20]} 15.
Qxd2 {[%clk 1:23:20]} Nd7 {[%clk 0:48:14]} 16. Bh6 {[%clk 1:22:22]} Nb6 {[%clk
0:47:17]} 17. Bxg7 {[%clk 1:22:09]} Kxg7 {[%clk 0:47:40]} 18. Qa2 {[%clk
1:17:19]} Qd7 {[%clk 0:42:18]} 19. Rac1 {[%clk 1:17:34]} a6 {[%clk 0:41:41]} 20.
a4 {[%clk 1:16:32]} Nc8 {[%clk 0:39:57]} 21. e3 {[%clk 1:13:38]} Nd6 {[%clk
0:39:41]} 22. a5 {[%clk 1:13:41]} Bh3 {[%clk 0:27:51]} 23. Na4 {[%clk 1:09:39]}
Bxg2 {[%clk 0:25:55]} 24. Kxg2 {[%clk 1:10:05]} Qf5 {[%clk 0:25:57]} 25. Nc5
{[%clk 1:10:15]} Re7 {[%clk 0:22:13]} 26. Qe2 {[%clk 1:05:43]} Rae8 {[%clk
0:19:59]} 27. Rd3 {[%clk 1:03:06]} Ne4 {[%clk 0:19:33]} 28. f3 {[%clk 1:02:10]}
Nxc5 {[%clk 0:19:35]} 29. bxc5 {[%clk 1:01:38]} Qg5 {[%clk 0:16:30]} 30. Re1
{[%clk 1:00:51]} f5 {[%clk 0:11:29]} 31. Qf2 {[%clk 1:00:14]} Qf6 {[%clk
0:09:39]} 32. Rb1 {[%clk 1:00:00]} Rd7 {[%clk 0:09:23]} 33. Rb4 {[%clk 0:58:45]}
Kg8 {[%clk 0:06:45]} 34. Rdb3 {[%clk 0:58:09]} Ree7 {[%clk 0:06:31]} 35. Rb2
{[%clk 0:57:24]} Qe6 {[%clk 0:05:46]} 36. h4 {[%clk 0:56:30]} Qf7 {[%clk
0:04:20]} 37. R4b3 {[%clk 0:55:36]} Qf6 {[%clk 0:03:59]} 1/2-1/2

[Event "U20 Polish Youth Championship"]
[Site "Ustron"]
[Date "2019.11.27"]
[Round "6"]
[White "Baum, Jonasz"]
[Black "Kalkowski, Igor"]
[Result "1/2-1/2"]
[Board "11"]
[WhiteElo "2341"]
[WhiteTitle "FM"]
[WhiteCountry "POL"]
[WhiteFideId "1195360"]
[WhiteEloChange "-8"]
[BlackElo "1965"]
[BlackCountry "POL"]
[BlackFideId "21833966"]
[BlackEloChange "8"]

1. d4 {[%clk 1:30:30]} e6 {[%clk 1:30:30]} 2. e4 {[%clk 1:26:44]} b6 {[%clk
1:30:54]} 3. Bd3 {[%clk 1:26:23]} Bb7 {[%clk 1:31:04]} 4. Nf3 {[%clk 1:26:22]} c5
{[%clk 1:30:28]} 5. O-O {[%clk 1:17:46]} cxd4 {[%clk 1:28:45]} 6. Nxd4 {[%clk
1:17:55]} a6 {[%clk 1:28:54]} 7. Nc3 {[%clk 1:16:23]} Nc6 {[%clk 1:22:56]} 8.
Nxc6 {[%clk 1:12:21]} dxc6 {[%clk 1:20:06]} 9. e5 {[%clk 1:01:43]} Qc7 {[%clk
1:11:10]} 10. f4 {[%clk 0:49:21]} O-O-O {[%clk 0:58:53]} 11. Qe2 {[%clk 0:48:18]}
b5 {[%clk 0:56:12]} 12. Be3 {[%clk 0:46:49]} Nh6 {[%clk 0:53:31]} 13. a4 {[%clk
0:29:28]} Nf5 {[%clk 0:45:41]} 14. Bf2 {[%clk 0:23:19]} Nd4 {[%clk 0:39:23]} 15.
Qh5 {[%clk 0:20:54]} g6 {[%clk 0:29:47]} 16. Qh3 {[%clk 0:21:08]} b4 {[%clk
0:24:19]} 17. Ne4 {[%clk 0:17:45]} c5 {[%clk 0:24:18]} 18. c3 {[%clk 0:16:52]}
Nb3 {[%clk 0:20:22]} 19. Rad1 {[%clk 0:16:40]} c4 {[%clk 0:14:42]} 20. Bc2 {[%clk
0:16:07]} Be7 {[%clk 0:13:49]} 21. cxb4 {[%clk 0:00:18]} Bxe4 {[%clk 0:13:37]}
22. Bxe4 {[%clk 0:00:43]} Nd2 {[%clk 0:13:25]} 23. Rxd2 {[%clk 0:00:26]} Rxd2
{[%clk 0:13:50]} 24. Qc3 {[%clk 0:00:40]} Rhd8 {[%clk 0:12:56]} 25. a5 {[%clk
0:00:08]} R8d3 {[%clk 0:05:47]} 26. Bxd3 {[%clk 0:00:32]} Rxd3 {[%clk 0:06:07]}
27. Qc2 {[%clk 0:00:26]} Bxb4 {[%clk 0:06:16]} 28. Qa4 {[%clk 0:00:24]} Bc5
{[%clk 0:06:20]} 29. Bxc5 {[%clk 0:00:08]} Qxc5+ {[%clk 0:06:45]} 30. Kh1 {[%clk
0:00:08]} Qb5 {[%clk 0:06:28]} 31. Qc2 {[%clk 0:00:17]} Qd5 {[%clk 0:06:00]} 32.
Qa4 Qb5 {[%clk 0:05:54]} 33. Qc2 {[%clk 0:00:09]} Qd5 {[%clk 0:03:58]} 34. Rg1
Rd2 {[%clk 0:03:05]} 35. Qa4 {[%clk 0:00:11]} Kc7 {[%clk 0:01:39]} 36. Qe8 {[%clk
0:00:25]} Rxg2 {[%clk 0:01:12]} 37. Qxf7+ {[%clk 0:00:03]} Kd8 {[%clk 0:01:21]}
38. Qf8+ {[%clk 0:00:07]} Kd7 {[%clk 0:01:35]} 39. Qf7+ {[%clk 0:00:16]} Kd8
{[%clk 0:01:22]} 40. Qg8+ {[%clk 0:00:04]} Kc7 {[%clk 0:01:11]} 41. Qf7+ Kd8
{[%clk 0:00:59]} 42. Qf8+ Kd7 {[%clk 0:01:18]} 43. Qg7+ Kc6 {[%clk 0:01:38]}
1/2-1/2

[Event "U20 Polish Youth Championship"]
[Site "Ustron"]
[Date "2019.11.27"]
[Round "6"]
[White "Jankowiak, Tomasz"]
[Black "Szpar, Milosz"]
[Result "1/2-1/2"]
[Board "12"]
[WhiteElo "2111"]
[WhiteCountry "POL"]
[WhiteFideId "1185357"]
[WhiteEloChange "5"]
[BlackElo "2291"]
[BlackTitle "FM"]
[BlackCountry "POL"]
[BlackFideId "1184989"]
[BlackEloChange "-5"]

1. e4 {[%clk 1:30:30]} g6 {[%clk 1:30:30]} 2. d4 {[%clk 1:30:30]} Bg7 {[%clk
1:30:34]} 3. Nc3 {[%clk 1:30:30]} d6 {[%clk 1:30:34]} 4. Nge2 {[%clk 1:30:13]}
Nf6 {[%clk 1:30:38]} 5. h3 {[%clk 1:30:18]} O-O {[%clk 1:29:52]} 6. g4 {[%clk
1:30:22]} e5 {[%clk 1:27:28]} 7. d5 {[%clk 1:30:42]} c6 {[%clk 1:26:06]} 8. Be3
{[%clk 1:30:21]} b5 {[%clk 1:15:42]} 9. dxc6 {[%clk 1:14:13]} a6 {[%clk 1:09:22]}
10. Bg2 {[%clk 0:56:06]} Nxc6 {[%clk 1:08:40]} 11. Qd2 {[%clk 0:54:53]} Be6
{[%clk 1:07:01]} 12. O-O {[%clk 0:43:06]} Rb8 {[%clk 1:00:28]} 13. Rfd1 {[%clk
0:32:06]} Qc8 {[%clk 0:54:26]} 14. Rac1 {[%clk 0:28:39]} h5 {[%clk 0:53:18]} 15.
g5 {[%clk 0:26:39]} Nd7 {[%clk 0:53:43]} 16. Kh2 {[%clk 0:21:55]} Rd8 {[%clk
0:51:59]} 17. b3 {[%clk 0:21:02]} Qb7 {[%clk 0:45:45]} 18. Nd5 {[%clk 0:18:21]}
a5 {[%clk 0:45:39]} 19. c4 {[%clk 0:18:05]} b4 {[%clk 0:44:31]} 20. h4 {[%clk
0:16:36]} a4 {[%clk 0:43:23]} 21. Rb1 {[%clk 0:16:09]} Ra8 {[%clk 0:40:05]} 22.
Nc1 {[%clk 0:16:08]} Bxd5 {[%clk 0:23:52]} 23. cxd5 {[%clk 0:14:58]} Nd4 {[%clk
0:24:17]} 24. Ne2 {[%clk 0:10:01]} Nxe2 {[%clk 0:23:49]} 25. Qxe2 {[%clk
0:10:25]} Nc5 {[%clk 0:22:45]} 26. Rdc1 {[%clk 0:10:03]} Bf8 {[%clk 0:21:41]} 27.
Rc4 {[%clk 0:08:54]} axb3 {[%clk 0:17:07]} 28. axb3 {[%clk 0:09:19]} Be7 {[%clk
0:17:06]} 29. Bd2 {[%clk 0:07:49]} Na6 {[%clk 0:17:20]} 30. Bh3 {[%clk 0:07:47]}
Rf8 {[%clk 0:16:37]} 31. Ra1 {[%clk 0:05:50]} f6 {[%clk 0:14:14]} 32. gxf6 {[%clk
0:05:59]} Rxf6 {[%clk 0:13:41]} 33. Bg5 {[%clk 0:05:22]} Rff8 {[%clk 0:12:06]}
34. Rg1 {[%clk 0:04:49]} Kg7 {[%clk 0:07:13]} 35. Bf5 {[%clk 0:04:17]} Bxg5
{[%clk 0:06:30]} 36. Rxg5 {[%clk 0:04:26]} Rf6 {[%clk 0:06:49]} 37. Rc1 Rh8
{[%clk 0:05:35]} 38. Rcg1 Rh6 {[%clk 0:05:49]} 39. Rxh5 Nc5 {[%clk 0:01:36]} 40.
Rxh6 Kxh6 {[%clk 0:01:36]} 41. Qe3+ Kh7 42. Rxg6 Rxg6 43. h5 Kg7 44. Bxg6 Qe7 45.
Qg3 Kh8 46. f4 exf4 47. Qxf4 Nxb3 48. Qh6+ Kg8 49. Bf5 Nd4 50. Qg6+ Kh8 51. Qh6+
Kg8 52. Be6+ Nxe6 53. Qxe6+ Qxe6 54. dxe6 b3 55. h6 b2 56. e7 Kf7 57. h7 Kxe7 58.
h8Q b1Q 59. Qh7+ Ke8 1/2-1/2